Flags of Island Countries #3 - Statistics

General Stats
  • This quiz has been taken 73 times
  • The average score is 14 of 15
Answer Stats
Picture Answer % Correct
Fiji
96%
Bahamas
95%
Grenada
95%
Bahrain
93%
Dominica
93%
Kiribati
93%
Palau
93%
Tuvalu
93%
Antigua and Barbuda
91%
Comoros
91%
Dominican Republic
91%
Haiti
91%
Marshall Islands
91%
Saint Kitts and Nevis
91%
Solomon Islands
88%
No matching quizzes found
Score Distribution
Percent of People with Each Score
Percentile by Number Answered
Your Score History
You have not taken this quiz